| 000 | 01008cam a22002895i 4500 | ||
|---|---|---|---|
| 999 |
_c28809 _d28780 |
||
| 001 | 016123031 | ||
| 003 | EG-ScBUE | ||
| 005 | 20200923142717.0 | ||
| 008 | 120703s2012 enkac f b 001 0 eng d | ||
| 020 | _a9781856697965 (pbk.) | ||
| 020 | _a1856697967 (pbk.) | ||
| 040 |
_aStDuBDS _beng _erda _cStDuBDS _dUk _dEG-ScBUE |
||
| 082 | 0 | 4 |
_a770.9 _bMAR _222 |
| 100 | 1 |
_aMarien, Mary Warner, _eauthor. |
|
| 245 | 1 | 0 |
_a100 ideas that changed photography / _cMary Warner Marien. |
| 246 | 3 | _aOne hundred ideas that changed photography | |
| 246 | 3 | _aHundred ideas that changed photography | |
| 264 | 1 |
_aLondon : _bLaurence King Publishing, _c2012. |
|
| 300 |
_a216 pages : _billustrations (some color), portraits (some color) ; _c27 cm |
||
| 336 |
_atext _btxt _2rdacontent |
||
| 337 |
_aunmediated _bn _2rdamedia |
||
| 338 |
_avolume _bnc _2rdacarrier |
||
| 504 | _aIncludes bibliographical references and index. | ||
| 650 | 7 |
_aPhotography _xHistory. _2BUEsh |
|
| 653 |
_bCOMAME _cSeptember2020 |
||
| 942 |
_2ddc _cBB |
||